Le misanthrope (Record no. 121384)

MARC details
000 -LEADER
campo de control de longitud fija 00557nam a2200169 4500
001 - NÚMERO DE CONTROL
campo de control 121384
003 - IDENTIFICADOR DE NÚMERO DE CONTROL
campo de control ES-MaACL
005 - FECHA Y HORA DE LA ÚLTIMA TRANSACCIÓN
campo de control 20250918063032.0
007 - CAMPO FIJO DE DESCRIPCIÓN FÍSICA--INFORMACIÓN GENERAL
campo de control de longitud fija t|
008 - DATOS DE LONGITUD FIJA--INFORMACIÓN GENERAL
campo de control de longitud fija 070214n19201929fr r ||||1| fre d
100 1# - ENTRADA PRINCIPAL--NOMBRE DE PERSONA
Nombre de persona Molière,
Fechas asociadas al nombre 1622-1673
9 (RLIN) 81873
245 13 - MENCIÓN DEL TÍTULO
Título Le misanthrope
Resto del título : suivi de le Tartuffe ; l'avare ; le bourgeois gentilhomme ; les femmes savantes /
Mención de responsabilidad, etc. Molière.
260 ## - PUBLICACIÓN, DISTRIBUCIÓN, ETC.
Lugar de publicación, distribución, etc. Paris :
Nombre del editor, distribuidor, etc. [s.n.],
Fecha de publicación, distribución, etc. [192_?] (
Fabricante Typ. Ph. Renouard)
300 ## - DESCRIPCIÓN FÍSICA
Extensión 397 p. :
Otras características físicas il. ;
Dimensiones 20 cm.
852 ## - LOCALIZACIÓN
Ubicación ES-MaACL
Número de control de estantería F-5298
Sublocalización o colección R.4959
Holdings
Estatus retirado Estado de pérdida Estado de daño No para préstamo Biblioteca de origen Biblioteca actual Ubicación en estantería Fecha de adquisición Fuente de adquisición Total de préstamos Signatura topográfica completa Código de barras Visto por última vez Precio de reemplazo Tipo de ítem Koha
        Biblioteca del Ateneo de Madrid Biblioteca del Ateneo de Madrid Depósito 2 17/01/2008     F-5298 1126503 23/02/2023 23/02/2023 Libro impreso